000 00476nam a2200181 a 4500
001 6456
003 CO-ViMGA
008 141112s2004 ck r 000 u spa d
040 _aCO-ViMGA
_bspa
_cCO-ViMGA
082 0 4 _a675.23 L123
100 1 _aLacerca, Alberto M
_93035
245 1 0 _aCurtición de cueros y pieles
260 _aBuenos Aires :
_bAlbatros,
_c1993
300 _a226 p : il
650 1 4 _aCUERO - TECNOLOGIA
_95248
650 1 4 _aCURTIEMBRE
_95249
942 _2ddc
_cBK
999 _c18426
_d18426